000 00872cam a22002774a 4500
001 13618650
005 20180119071455.0
008 040604s2005 nju bf 001 0 eng
010 _a 2004013324
020 _a0131915649
035 _a(DNLM)101219567
040 _aDNLM/DLC
_cDLC
_dDLC
041 _aeng
042 _apcc
060 1 0 _a615.788
_bP9736 2005
080 _a615.788
082 0 0 _a615.788 TRI
_222
100 _a5
101 _aSHF
245 0 0 _aPsychiatric drug guide /
_cEileen Trigoboff ... [et al.].
246 3 _aPrentice Hall psychiatric drug guide
504 _aIncludes bibliographical references and index.
906 _a7
_bcbc
_corignew
_d1
_eecip
_f20
_gy-gencatlg
942 _2ddc
_cBK
999 _c40578
_d40578